00378cam a22000857a 4500008004000000082001400040245011900054260006000173700005900233180718b1978 xxu||||| |||| 00| 0 eng d aK7x54 In2 aReport on proceedings of the seminar on staff relationscby Indian Posts and Telegraphs Department, Andhra Pradesh aHyderabadbIndian Posts and Telegraphs Departmentc1978 aAndhra Pradesh. Indian Posts and Telegraphs Department